1541 1238 1471 1172 1533 1748 1265 1141 1543 1295 1645 1765 1419 1774 1263 1164 1525 1772 1277 1876 1006 1648 1554 1447 1977 1460 1709 1685 1562 1914 1280 1630 1480 1801 1344 1566 1300 1623 1003 1951 1812 1601 1635 1649 1745 1021 1639 1831 1052 1876 1309 1748 1656 1463 1441 1640 1825 1774 1527 1657 1985 1297 1330 1743 1761 1781 1059 1679 1901 1375 1557 1595 1255 1842 1792 1053 1177 1401 1479 1892 1762 1309 1201 1538 1129 1443 1928 1068 1406 1966 1408 1974 1370 1094 1518 1088 1658 1102 1385 BCNSPRNW ULIB Ver.6.0+V

เปลี่ยนเป็นภาษาไทย

Change to English
 แสดงรายละเอียดบรรณานุกรม
  กลับหน้าหลัก

Brief Record : Get Marc (ISO 2709) : E-mail record : QR code < ปิดหน้าต่าง
LEADER : 00000nam 2200000uu 4500
001    13399109255
003     ULIB
008    110325s2543||||th 000 0 tha d
020    9742990522
060 04 WA540JT3^bว549ภ 2543
100 0  จันทร์เพ็ญ ชูประภาวรรณ
245 10 สถานะสุขภาพคนไทย /^cจันทร์เพ็ญ ชูประภาวรรณ
250    พิมพ์ครั้งที่ 1
260    นนทบุรี :^bสถาบันวิจัยระบบสาธารณสุข,^c2543
300    336 หน้า ;^c26 ซม.
490 0  ชุดสุขภาพคนไทยปี พ.ศ. 2543
500     ใช้เป็นเอกสารประกอบการประชุมวิชาการสถาบันวิจัยระบบสาธารณสุข ครั้งที่ 3 ภูมิปัญญาประชาคมสู่สุขภาพประชาชาติไทย.ระหว่างวันที่ 15-17 สิงหาคม 2543 ณ ศูนย์นิทรรศการและการประชุมไบเทค กรุงเทพมหานคร
650  2 Health Behavior^zThailand
650  7 ไทย^xสุขภาพและอนามัย
650  7 อนามัย^zไทย
650  7 ภาวะสุขภาพ^zไทย
710 2  สถาบันวิจัยระบบสาธารณสุข
711 2  การประชุมวิชาการสถาบันวิจัยระบบสาธารณสุขเรื่องภูมิปัญญาประชาคมสู่สุขภาพประชาชาติไทย^n(ครั้งที่ 3 :^d2543:^cกรุงเทพมหานคร)
945    ^p0^l0^i013034
995    ทศพร
999 ^a ใช้งานได้ทุกระบบ
รายการนี้ยังไม่มีแท็ก
คุณยังไม่ได้ล็อกอิน คุณสามารถมีกิจกรรมร่วมกับเว็บไซต์ได้ แต่ต้องล็อกอินก่อน ::
  ล็อกอิน

รายการสื่อสารสนเทศ

ลำดับที่ ประเภท เลขเรียก/บาร์โค้ด สถานที่ สถานะ
- ไม่พบข้อมูล -

รายการใกล้เคียง
    ผู้แต่ง [จันทร์เพ็ญ ชูประภาวรรณ]

BibComment


ยังไม่เคยถูกคอมเมนท์

คอมเมนท์ทรัพยากรรายการนี้
  คอมเมนท์: สถานะสุขภาพคนไทย ..


 Copyright 2026. Bcnsprnw @Library